BSOP header

How to solve conflicts / (Record no. 29290)

MARC details
000 -LEADER
fixed length control field 00537nam a2200193 4500
005 - DATE AND TIME OF LATEST TRANSACTION
control field 20190220082044.0
008 - FIXED-LENGTH DATA ELEMENTS--GENERAL INFORMATION
fixed length control field 070524s1973 ilum a000 0 eng d
020 ## - INTERNATIONAL STANDARD BOOK NUMBER
International Standard Book Number 0802436536
100 1# - MAIN ENTRY--PERSONAL NAME
Personal name Sweeting, George,
Dates associated with a name 1924-
245 10 - TITLE STATEMENT
Title How to solve conflicts /
Statement of responsibility, etc by George Sweeting.
260 ## - PUBLICATION, DISTRIBUTION, ETC. (IMPRINT)
Place of publication, distribution, etc Chicago :
Name of publisher, distributor, etc Moody Press,
Date of publication, distribution, etc c1973.
300 ## - PHYSICAL DESCRIPTION
Extent 153 p. ;
Dimensions 22 cm.
336 ## - CONTENT TYPE
Content Type Term text
337 ## - MEDIA TYPE
Media Type Term unmediated
338 ## - CARRIER TYPE
Carrier Type Term volume
630 04 - SUBJECT ADDED ENTRY--UNIFORM TITLE
Uniform title Bible.
Name of part/section of a work N.T.
-- James
General subdivision Criticism, interpretation, etc.
951 ## - EQUIVALENCE OR CROSS-REFERENCE-GEOGRAPHIC NAME/AREA NAME [OBSOLETE] [CAN/MARC only]
General subdivision 00034809
942 ## - ADDED ENTRY ELEMENTS (KOHA)
Source of classification or shelving scheme Library of Congress Classification
Item type Books
Holdings
Withdrawn status Lost status Source of classification or shelving scheme Damaged status Not for loan Home library Current library Shelving location Date acquired Inventory number Shelving control number Total Checkouts Full call number Barcode Date last seen Price effective from Koha item type Source of acquisition Copy number
    Library of Congress Classification     BSOP Library BSOP Library GC 12/21/2000 30657 127   BS2785.2 Sw3hs 00034809 02/23/2013 02/23/2013 Books    
    Library of Congress Classification     BSOP Library BSOP Library GC 02/20/2019 45212     BS2785.2 Sw3hs c.2 00056212 02/20/2019 02/20/2019 Books Donated by Dr. Carroll Herrmann c.2
BSOP

Biblical Seminary of the Philippines
  All rights Reserved
  © 2024

CONTACT INFORMATION

Biblical Seminary of the Philippines,
  77-B Karuhatan Road, Valenzuela City,
  PHILIPPINES 1441
  Phone: +632 8292-6795 / 8292-6798
  Fax : +632 8292-6675
  Email: library@bsop.edu.ph